000 00941nam a2200277 i 4500
003 DO-SdBNP
005 20250620140857.0
007 ta
008 250620b1990 dr ||||| |||| 00| 0 spa d
040 _aDO-SdBNP
_bspa
_cBNPHU
_erda
082 4 _aRD860.9
_bB171L, 1990
_222
100 1 _a Balaguer, Joaquín,
_d1906-2002
_eautor
_4aut.
_976556
245 1 0 _aLetras Dominicanas /
_cJoaquín Balaguer.
250 _aTerceraa edición
264 1 _aSanto Domingo :
_bEditora Corripio,
_c1990.
300 _a351 páginas ;
_c22 cm.
336 _atexto
_btxt
_2rdacontent
337 _asin mediación
_bn
_2rdamedia
338 _avolumen
_bnc
_2rdacarrier
500 _aIncluye referencias bibliográfica y notas al pie de las páginas
590 _aInventariado, 2025/BT
650 1 4 _aLiteratura dominicana
_xHistoria y critica
_9159
650 4 _aLiteratura dominicana
_xCrítica e interpretación
_9216
910 _aBtavárez
942 _2ddc
_cLBS1
999 _c59351
_d59351